00725 2200241 4500001002100000005001700021008004100038035002400079090001800103110003400121245011100155250001000266260003100276300001800307500005900325650001400384700001800398700001800416850001500434980001300449985000600462999001500468YOGYA-0209000004818820090227031917.0 ind  0010-020900000048188 a793bGur TlT aGURU-GURU WANITA SAUDI ARABIA a30 permainan cara IslamibGuru-guru wanita Saudi Arabia; penerjemah Ummu 'Udhina; penyunting, Sauful Bahri aCet.2 aSolobPustaka Mantiqc1994 a65 hlmc18 cm aJudul asli : Kitaabul Al'aab linnaasy'lah wasysy ubaab aPermainan a'Udhima, Ummu aBahri, Saiful aYOPDYOG(M) a24-10-07 a1 a97P0090441